000 00357 a2200157 4500
001 171720
020 _a
040 _cMagnum
100 _aBueno, Maria Celia
240 1 0 _aBiscoito, rosquinha e pão preto
_lpor
245 1 0 _aBiscoito, rosquinha e pão preto
300 _a20
362 0 _a1992
697 _aLITERATURA INFANTO-JUVENIL
942 _cBK
999 _c171720
_d171720